Los presocráticos
Saved in:
| 主要作者: | |
|---|---|
| 格式: | 圖書 |
| 語言: | 西班牙语 |
| 出版: |
Ciudad de México
Fondo de Cultura Económica
1979
|
| 版: | 2a. ed |
| 叢編: | Colección Popular, 177
|
| 主題: | |
| 標簽: |
添加標簽
沒有標簽, 成為第一個標記此記錄!
|
MARC
| LEADER | 00000cam a2200000 a 4500 | ||
|---|---|---|---|
| 001 | UCE0499 | ||
| 003 | CL-VaPUC | ||
| 008 | 140124e19790000mx |||||||||||||||||spa|d | ||
| 020 | |a 9789681601669 | ||
| 082 | 0 | 4 | |a 182 |b GAR |2 21 |
| 100 | |a García Bacca, Juan David |e author |9 571593 | ||
| 245 | 1 | 4 | |a Los presocráticos |
| 250 | |a 2a. ed | ||
| 300 | |a 352 p | ||
| 942 | |c BK | ||
| 945 | |d 20140124 15:34:00 |a dcastane | ||
| 260 | |a Ciudad de México |b Fondo de Cultura Económica |c 1979 | ||
| 600 | 0 | |a Jenófanes |d 570 A.C.-475 A.C. |9 345941 | |
| 600 | 0 | |a Parménides |d ca. 515 A.C.-ca. 470 A.C. |9 870085 | |
| 600 | 0 | |a Empédocles |e autor |9 335208 | |
| 600 | 0 | |a HERACLITO |9 848988 | |
| 600 | 0 | 7 | |a ZENON |2 CL-VaPUC |9 572835 |
| 600 | 0 | 7 | |a MELISSO |2 CL-VaPUC |9 335177 |
| 600 | 0 | 7 | |a ANAXAGORAS |2 CL-VaPUC |9 335190 |
| 600 | 0 | 7 | |a DIOGENES DE APOLONIA |2 CL-VaPUC |9 572836 |
| 600 | 0 | 7 | |a LEUCIPO |2 CL-VaPUC |9 335166 |
| 600 | 0 | 7 | |a DEMOCRITO |2 CL-VaPUC |9 335167 |
| 650 | 0 | |a Filosofía antigua |9 255705 | |
| 650 | 0 | |a Filosofía presocrática |9 345540 | |
| 650 | 0 | |a Presocráticos |9 325852 | |
| 583 | |a last modification |c 20140124 15:34:00 |k Rodrigo Vera | ||
| 490 | 0 | |a Colección Popular, 177 | |
| 999 | |c 354604 |d 354602 | ||
| 952 | |0 0 |1 0 |3 erb |4 0 |6 182_000000000000000_GAR_1979 |7 0 |8 A |9 460569 |a BIBEDU |b BIBEDU |i 5053048 |l 2 |o 182 GAR 1979 |p 5053048 |r 2024-05-20 |s 2024-05-17 |w 2019-11-23 |y BK |z Catalogado en:20140124 |k FIL | ||
| 952 | |0 0 |1 0 |2 ddc |4 0 |6 182_000000000000000_GAR_1979 |7 0 |8 A |9 599814 |a BIBTEO |b BIBTEO |c GEN |d 2025-01-23 |i 5607892 |o 182 GAR 1979 |p 5607892 |r 2025-01-23 |t 2 |w 2025-01-23 |y BK |k ICR | ||